Caste and democratic politics in India / (Record no. 152606)

MARC details
000 -LEADER
fixed length control field 00639nam a22002057a 4500
005 - DATE AND TIME OF LATEST TRANSACTION
control field 20180608171322.0
010 ## - LCCN (DPL NO)
LC control number ENG-123183
020 ## - INTERNATIONAL STANDARD BOOK NUMBER
International Standard Book Number 9788178240954
Terms of availability 695.00
020 ## - INTERNATIONAL STANDARD BOOK NUMBER
International Standard Book Number 8178240955
Terms of availability 695.00
035 ## - SYSTEM CONTROL NUMBER
System control number EN-106715
037 ## - SOURCE OF ACQUISITION
Source of stock number/acquisition DBAD/PUB
082 ## - DEWEY DECIMAL CLASSIFICATION NUMBER
Classification number 305.51220954
245 ## - TITLE STATEMENT
Title Caste and democratic politics in India /
Statement of responsibility, etc edited by Ghanshyam Shah
260 ## - PUBLICATION, DISTRIBUTION, ETC. (IMPRINT)
Place of publication, distribution, etc Delhi
Name of publisher, distributor, etc Permanent Black
Date of publication, distribution, etc 2017
300 ## - PHYSICAL DESCRIPTION
Extent 440p.
Dimensions 22cm(pbk)
490 ## - SERIES STATEMENT
Series statement Essential writings in politics
500 ## - GENERAL NOTE
General note it include appendix and bibliographical references
700 ## - ADDED ENTRY--PERSONAL NAME
Personal name Shah, Ghanshyam
942 ## - ADDED ENTRY ELEMENTS (KOHA)
Source of classification or shelving scheme Dewey Decimal Classification
Item type English Books
Call number suffix CAS
Classification part 305.51220954
Holdings
Withdrawn status Lost status Not for loan Collection code Home library Current library Date acquired Source of acquisition Cost, normal purchase price Full call number Barcode Copy number Cost, replacement price Koha item type
    Not For Loan Non-fiction D.B.Act.Division Sarojini Nagar 08/06/2018 1 695.00 305.51220954 CAS EN-106715 1 695.00 English Books

© Delhi Public Library
Hit Counter
free hit counter